Statistics for Shurima champions

Click here to take the quiz!

General Stats

  • This quiz has been taken 8 times
  • The average score is 8 of 11

Answer Stats

Answer% Correct
Azir
100%
Nasus
100%
Renekton
100%
Akshan
83%
Sivir
83%
Skarner
83%
Amumu
67%
Rammus
67%
Taliyah
67%
Rengar
33%
Xearth
0%

Score Distribution

Percentile by Number Answered

Percent of People with Each Score

Your Score History

You have not taken this quiz